Tous les bots dans Rocket League - Statistiques

Statistiques générales
  • Ce quiz a été pris 268 fois
  • Le résultat moyen est 5 sur 54
Statistiques - réponses
Équipe Bot % Correct
Coéquipiers Merlin
31%
Cyclones Fury
19%
Chercheurs Middy
18%
Monarques Rex
18%
Coéquipiers Hollywood
16%
Faucons Maverick
15%
Coéquipiers Tex
15%
Vagabonds Armstrong
13%
Rebelles Poncho
13%
Dragons Viper
13%
Vagabonds Buzz
12%
Gardiens C-Block
12%
Coéquipiers Jester
12%
Monarques Raja
12%
Coéquipiers Stinger
12%
Mammouths Boomer
11%
Faucons Cougar
11%
Mammouths Caveman
10%
Cyclones Storm
10%
Coéquipiers Wolfman
10%
Rebelles Bandit
9%
Monarques Khan
9%
Dragons Mountain
9%
Chercheurs Saltie
9%
Bombardiers Casper
8%
Coéquipiers Chipper
8%
Dragons Imp
8%
Bombardiers Marley
8%
Express Sabretooth
8%
Bombardiers Samara
8%
Monarques Sultan
8%
Coéquipiers Sundown
8%
Express Tusk
8%
Gardiens Centice
7%
Gardiens Gerwin
7%
Faucons Goose
7%
Coéquipiers Heater
7%
Dragons Hound
7%
Faucons Iceman
7%
Bombardiers Myrtle
7%
Vagabonds Shepard
7%
Vagabonds Yuri
7%
Express Beast
6%
Rebelles Dude
6%
Mammouths Foamer
6%
Rebelles Outlaw
6%
Coéquipiers Slider
6%
Chercheurs Swabbie
6%
Gardiens Junker
5%
Cyclones Rainmaker
5%
Express Roundhouse
5%
Chercheurs Scout
5%
Cyclones Squall
5%
Mammouths Sticks
5%
Aucun quiz correspondant
Distribution des résultats
% des personnes avec chaque résultat
Percentile par nombre de réponses
Votre historique - résultats
Vous n’avez pas pris ce quiz